000 00326nam a2200145Ia 4500
008 191201s2006 xx 000 0 und d
082 _a005.43
_bDHS
100 _aDHAMDHERE, D M
245 0 _aOperating Systems
250 _a2nd
260 _aN.Delhi
_bTMH
_c2006
300 _a789
650 _aB.Tech(CSE)
942 _2ddc
_cBK
999 _c5576
_d5576